000 00259nam a2200109Ia 4500
100 _aLeigh/Ronald W
942 _cBK
654 _aAutocad
245 _aAutoCad:concise guide to commands and features
260 _bGalgotia
_aNew Delhi
_c1990
546 _aENGLISH
999 _c28464
_d28464